| 000 | 00586nam a2200217Ia 4500 | ||
|---|---|---|---|
| 005 | 20250508165020.0 | ||
| 008 | 008 250505s9999 xx 000 0 eng d | ||
| 020 | _a0-19-562456-4 | ||
| 037 | _aTextual | ||
| 040 |
_aFEDL _beng _cFEDL |
||
| 041 |
_aeng _2eng |
||
| 084 |
_a291, RAD _qFEDL |
||
| 100 | _aRadhakrishnan S | ||
| 245 | 0 | _aEastern religions and western thought | |
| 260 |
_aNew Delhi, India _bOxford University Press _c1993 |
||
| 300 | _axiii,196p. | ||
| 365 |
_aINR _b110 |
||
| 546 | _aMACESE | ||
| 942 |
_cTEXL _h291, RAD |
||
| 999 |
_c1392673 _d1392673 |
||